[Event "EUCup Gr4"]
[Site "Berlin"]
[Date "1996.??.??"]
[Round "1"]
[White "Kallai, Gabor"]
[Black "Sepp, Olav"]
[Result "0-1"]
[WhiteElo "2500"]
[BlackElo "2420"]

1.Nf3 Nf6 2.c4 g6 3.d4 Bg7 4.Nc3 O-O 5.e4 d6 6.Be2 e5 7.O-O Na6 8.Re1 Qe8
9.Bf1 Bg4 10.Be3 Bxf3 11.Qxf3 Ng4 12.Qxg4 exd4 13.Bxd4 Bxd4 14.Nd5 Qe5 15.Rab1 c6
16.Nf4 Nc5 17.b4 Nxe4 18.Nd3 f5 19.Nxe5 fxg4 20.Rxe4 dxe5 21.Re2 Rf5 22.Rd1 Raf8
23.Rdd2 Bc3 24.Rc2 Bxb4 25.g3 Bc5 26.Bg2 Bd4 27.Be4 R5f6 28.Kg2 R8f7 29.Red2 Kf8
30.c5 Ke7 31.a4 a5 32.Re2 Kd8 33.Red2 Kc7 34.Re2 Rf3 35.Red2 Ra3 36.Rc4 Rb3
37.Rdc2 Rb4 38.f3 gxf3+ 39.Bxf3 Rb3 40.Bd1 Rd3  0-1

[Event "Berliner Sommer"]
[Site "Berlin"]
[Date "1996.??.??"]
[Round "2"]
[White "Zielinska, Marta"]
[Black "Kosten, Anthony C"]
[Result "0-1"]
[WhiteElo "2240"]
[BlackElo "2525"]

1.d4 Nf6 2.Nf3 g6 3.c4 Bg7 4.Nc3 O-O 5.e4 d6 6.Be2 Nbd7 7.O-O e5 8.Be3 c6
9.Qc2 Ng4 10.Bg5 f6 11.Bd2 f5 12.Bg5 Qa5 13.dxe5 Ndxe5 14.Nd4 Qb6 15.Rad1 Nf7
16.Na4 Qa5 17.Bf4 fxe4 18.b4 Qd8 19.Qxe4 Nfe5 20.Bg3 Bf5 21.Nxf5 gxf5 22.Qc2 f4
23.Bxg4 Nxg4 24.h3 fxg3 25.hxg4 Qh4 26.fxg3 Rxf1+ 27.Kxf1 Qh1+  0-1

[Event "DVM U20"]
[Site "Berlin"]
[Date "1996.??.??"]
[Round "3"]
[White "Richter, Michael"]
[Black "Senff, Martin"]
[Result "0-1"]
[WhiteElo "2205"]
[BlackElo "2225"]

1.d4 Nf6 2.Nf3 g6 3.c4 Bg7 4.Nc3 O-O 5.e4 d6 6.Be2 Na6 7.O-O e5 8.d5 Nc5
9.Bg5 a5 10.Nd2 h6 11.Be3 b6 12.a3 Nfd7 13.b4 Na6 14.Nb3 f5 15.f3 axb4 16.axb4 Bb7
17.Ra4 Nf6 18.Qd2 fxe4 19.fxe4 Qd7 20.Rfa1 Kh7 21.c5 dxc5 22.bxc5 Nxc5 23.Bxc5 bxc5
24.Nxc5 Qd6 25.Ne6 Rfb8 26.Qe3 Rxa4 27.Rxa4 c6 28.Qc5 Qxc5+ 29.Nxc5 cxd5
30.Ra7 d4 31.Nb5 Bxe4 32.Nd6 Bd5 33.Bd3 Rd8 34.Nb5 e4 35.Bf1 d3 36.Nc7 d2
37.Be2 Bc4 38.Bd1 e3 39.N7e6 e2  0-1

[Event "Berliner Sommer"]
[Site "Berlin"]
[Date "1996.??.??"]
[Round "4"]
[White "Czanderle, Guenther"]
[Black "Tseitlin, Mikhail S"]
[Result "0-1"]
[WhiteElo "2215"]
[BlackElo "2445"]

1.Nf3 g6 2.c4 Bg7 3.Nc3 Nf6 4.e4 O-O 5.d4 c6 6.Be2 d6 7.O-O e5 8.dxe5 dxe5
9.Qxd8 Rxd8 10.Nxe5 Nxe4 11.Nxe4 Bxe5 12.Bg5 Re8 13.Rad1 Bf5 14.f4 Bxb2 15.Ng3 Bc8
16.Rd2 Bc3 17.Rd3 Bg7 18.Rfd1 Na6 19.Rd8 Be6 20.Rxa8 Rxa8 21.Ne4 Bf8 22.Nd6 Nc5
23.Bh4 Bxd6 24.Rxd6 Ne4 25.Rd4 Nc3 26.Bf1 Nxa2 27.Be1 c5  0-1

[Event "DVM U20"]
[Site "Berlin"]
[Date "1996.??.??"]
[Round "4"]
[White "Buhr, Carl Christian"]
[Black "Senff, Martin"]
[Result "1/2-1/2"]
[WhiteElo "2245"]
[BlackElo "2225"]

1.d4 Nf6 2.c4 g6 3.Nc3 Bg7 4.e4 d6 5.Nf3 O-O 6.Be2 Na6 7.O-O e5 8.Be3 Ng4
9.Bg5 Qe8 10.h3 h6 11.Bc1 Nf6 12.d5 Nc5 13.Qc2 a5 14.Be3 b6 15.Nd2 Nh7 16.Nb3 f5
17.exf5 gxf5 18.f4 Qg6 19.Nxc5 bxc5 20.fxe5 Bxe5 21.Bf4 Ng5 22.Kh2 Bd7 23.Bd3 Rae8
24.Kh1 Qh5 25.Qd1 Qh4 26.Qe1 Qh5 27.Qd1 Qh4 28.Qe1 Qh5 29.Qg3 Kh8 30.Rae1 Rg8
31.Be2 Qg6 32.Bf3 Qf6 33.Qh4 Qg7 34.Rg1  1/2-1/2

[Event "Berliner Sommer"]
[Site "Berlin"]
[Date "1996.??.??"]
[Round "6"]
[White "Enders, Peter"]
[Black "Babula, Vlastimil"]
[Result "0-1"]
[WhiteElo "2500"]
[BlackElo "2545"]

1.d4 Nf6 2.c4 g6 3.Nc3 Bg7 4.e4 d6 5.Be2 O-O 6.Nf3 e5 7.d5 a5 8.O-O Na6 9.Bg5 h6
10.Bh4 Qe8 11.Nd2 Bd7 12.b3 Nh7 13.a3 f5 14.exf5 Bxf5 15.g4 e4 16.Rc1 e3
17.gxf5 exd2 18.Qxd2 Nc5 19.Bd1 Rxf5 20.Qe2 Ng5 21.Qxe8+ Rxe8 22.Nb5 Nxb3
23.Bxb3 Nf3+ 24.Kh1 Nxh4 25.Nxc7 Re2 26.f4 Bb2 27.Rb1 Bxa3 28.Bd1 Re3 29.Ne6 Rf7
30.Rb3 Bc1 31.Rb6 Ba3 32.Rb3 Rxb3 33.Bxb3 Bc5 34.Ra1 b6 35.Ba4 Rf6 36.Bc2 Be3
37.Rf1 Kf7 38.h3 Nf5 39.Kg2 g5 40.Kf3 Bxf4 41.Rb1 Bd2 42.Bxf5 Rxf5+ 43.Kg4 Kg6
44.Rxb6 Bb4 45.Rb8 h5+ 46.Kg3 Kf6 47.Kg2 Ke5 48.Rh8 h4 49.Rg8 Ke4 50.Nxg5+ Kd3
51.Nf3 a4 52.Nxh4 Rf7 53.Ra8 a3 54.Nf3 Bc5  0-1

[Event "Berliner Sommer"]
[Site "Berlin"]
[Date "1996.??.??"]
[Round "8"]
[White "Grabliauskas, Virginijus"]
[Black "Sheldon, Ruth"]
[Result "1-0"]
[WhiteElo "2430"]
[BlackElo "2230"]

1.d4 Nf6 2.c4 g6 3.Nc3 Bg7 4.e4 d6 5.Nf3 O-O 6.Be2 Na6 7.O-O e5 8.Qc2 Bg4
9.d5 c6 10.Ne1 Nb4 11.Qd1 Bxe2 12.Qxe2 a5 13.a3 Na6 14.Nd3 cxd5 15.cxd5 Rc8
16.Bd2 Nd7 17.b4 Nb6 18.bxa5 Nc4 19.Nb5 Nxd2 20.Qxd2 f5 21.f3 Qd7 22.a4 Rc4
23.Rfc1 Rfc8 24.Rxc4 Rxc4 25.Qa2 Rc8 26.Qa3 Rd8 27.Qc1 Bf6 28.Qe3 Qe7 29.Qb6 Bg5
30.Re1 Bh6 31.exf5 gxf5 32.Nd4 Rf8 33.Nxe5 Bd2 34.Re2 dxe5 35.d6 Qf6 36.Qb3+ Qf7
37.Ne6 Bxa5 38.Rxe5 Bd8 39.Qe3 Re8 40.Nxd8 Rxe5 41.Qxe5 Qd7 42.Qd5+  1-0

[Event "Biel Credis"]
[Site "Biel"]
[Date "1996.??.??"]
[Round "2"]
[White "Pelletier, Yannick"]
[Black "Sutovskij, Emil"]
[Result "0-1"]
[WhiteElo "2440"]
[BlackElo "2565"]

1.d4 d6 2.c4 e5 3.Nf3 Nd7 4.Nc3 g6 5.e4 Bg7 6.Be2 Ngf6 7.O-O O-O 8.Be3 c6
9.Qc2 Ng4 10.Bg5 Bf6 11.Bxf6 Ngxf6 12.Rad1 Qe7 13.b4 Re8 14.Rfe1 Nh5 15.c5 dxc5
16.dxc5 Nf4 17.Bc4 a5 18.a3 axb4 19.axb4 b6 20.b5 Qxc5 21.Na4 Qb4 22.bxc6 Nf8
23.Qb3 Qxb3 24.Bxb3 Bg4 25.Rb1 Bxf3 26.gxf3 b5 27.Nc3 b4 28.Nd5 N8e6 29.Kf1 Nd4
30.Nxf4 exf4 31.Bd5 Nxf3 32.Red1 Rab8 33.Ke2 Ne5 34.Rdc1 Re7 35.Kd2 Rc7 36.Kc2 Kg7
37.Kb3 Rbc8 38.Rc5 Nxc6 39.Rbc1 Nd4+ 40.Kxb4 Rxc5 41.Rxc5 Rxc5 42.Kxc5 Nf3
43.Kd6 Kf6 44.h3 Ne5 45.Bb3 g5 46.Bd1 Nd3 47.Bh5 Nxf2 48.e5+ Kg7  0-1

[Event "Biel SKA"]
[Site "Biel"]
[Date "1996.??.??"]
[Round "4"]
[White "Karpov, Anatoly"]
[Black "Glek, Igor V"]
[Result "1/2-1/2"]
[WhiteElo "2775"]
[BlackElo "2670"]

1.d4 Nf6 2.c4 g6 3.Nc3 Bg7 4.e4 d6 5.Nf3 O-O 6.Be2 e5 7.O-O exd4 8.Nxd4 Re8
9.f3 Nc6 10.Be3 Nh5 11.f4 Nf6 12.Bf3 Bg4 13.Nxc6 Bxf3 14.Qxf3 bxc6 15.Bd4 Qc8
16.Rad1 Qg4 17.e5 dxe5 18.Bxe5 Qe6 19.b3 Ng4 20.Bxg7 Kxg7 21.h3 Qe3+ 22.Kh1 Nf6  1/2-1/2

[Event "Biel op MTO"]
[Site "Biel"]
[Date "1996.??.??"]
[Round "6"]
[White "Huss, Andreas"]
[Black "Van de Mortel, Jan"]
[Result "0-1"]
[WhiteElo "2365"]
[BlackElo "2280"]

1.d4 Nf6 2.Nf3 g6 3.c4 Bg7 4.Nc3 O-O 5.e4 d6 6.Be2 e5 7.d5 a5 8.h3 Na6 9.Bg5 h6
10.Be3 Nc5 11.Qc2 Nh5 12.g3 f5 13.Nh4 Nf4 14.Bxf4 exf4 15.Nxg6 fxg3 16.Nxf8 gxf2+
17.Kf1 Qxf8 18.e5 dxe5 19.Bh5 e4 20.Qxf2 Nd3 21.Qe3 Nxb2 22.Rg1 Kh8 23.Ne2 f4
24.Qxe4 Bxh3+ 25.Kf2 Bf5 26.Qf3 Nd3+ 27.Kg2 Bxa1  0-1

[Event "Bled op"]
[Site "Bled"]
[Date "1996.??.??"]
[Round "1"]
[White "Osterman, Rudolf"]
[Black "Djeno, Mara"]
[Result "1/2-1/2"]
[WhiteElo "2405"]
[BlackElo "2200"]

1.d4 Nf6 2.Nf3 g6 3.c4 Bg7 4.Nc3 O-O 5.e4 d6 6.Be2 e5 7.d5 a5 8.Bg5 Na6 9.Nd2 Nc5
10.O-O h6 11.Bh4 g5 12.Bg3 Nfxe4 13.Ndxe4 Nxe4 14.Nxe4 f5 15.f3 fxe4 16.fxe4 Rxf1+
17.Bxf1 g4 18.Qd2 Bd7 19.Bd3 Qe7 20.Bf2 b6 21.Be3 Kh7 22.b3 Kg6 23.a3 h5
24.Rc1 Bf6 25.b4 axb4 26.axb4 Bg5 27.Rf1 Ra3 28.g3 h4 29.gxh4 Bxe3+ 30.Qxe3 Qxh4
31.b5 Qg5 32.Qf2 Qf4 33.Qh4 Qg5 34.Qf2 Qe7 35.Be2 Rh3 36.Qf8 Qxf8 37.Rxf8 Rh7
38.Ra8 Kg5 39.Rf8 Kg6 40.Kg2 Kg5 41.Bf1 Kh4 42.Kf2 Re7 43.Rh8+ Kg5 44.Kg3 Rf7
45.Rg8+ Kh6 46.Be2 Rf4 47.Rd8 Rf7 48.Rh8+ Kg6 49.Rh4 Rf4 50.Bxg4 Kg5 51.Rh5+ Kg6
52.Rh4 Kg5  1/2-1/2

[Event "Bled op"]
[Site "Bled"]
[Date "1996.??.??"]
[Round "1"]
[White "Kozul, Zdenko"]
[Black "Ankerst, Mihael"]
[Result "1-0"]
[WhiteElo "2580"]
[BlackElo "2295"]

1.d4 Nf6 2.c4 g6 3.Nc3 Bg7 4.e4 d6 5.Nf3 O-O 6.Be2 Na6 7.O-O e5 8.Bg5 h6
9.Bh4 Qe8 10.d5 Nh5 11.Ne1 Nf4 12.f3 f5 13.Nd3 g5 14.Bf2 Nxe2+ 15.Qxe2 f4
16.Nb5 Qg6 17.c5 g4 18.Kh1 Rf7 19.cxd6 g3 20.Bc5 Bf8 21.Bg1 cxd6 22.Rfc1 Qh5
23.a4 Rg7 24.Rc4 Bd7 25.Rac1 Be7 26.Ne1 Kh8 27.b4 Rag8 28.R1c2 Rg6 29.Nxa7 Bd8
30.a5 Ba4 31.Rb2 Bd7 32.Rcc2 R8g7 33.Nc8 Rg5 34.Nxd6 Qg6 35.Nf5 Rh5 36.Qf1 Bb5
37.Qxb5 Rxh2+ 38.Bxh2 Qh5 39.Kg1 Qxh2+ 40.Kf1  1-0

[Event "Bled op-B"]
[Site "Bled"]
[Date "1996.??.??"]
[Round "2"]
[White "Kosir, Pavla"]
[Black "Zelenika, Srdjan"]
[Result "0-1"]
[WhiteElo "2035"]
[BlackElo "2300"]

1.d4 Nf6 2.c4 g6 3.Nc3 Bg7 4.e4 d6 5.Nf3 O-O 6.Be2 e5 7.dxe5 dxe5 8.O-O Nbd7
9.Qc2 c6 10.Rd1 Re8 11.h3 Qe7 12.Be3 Nh5 13.a3 Nf4 14.Bf1 Qf6 15.Rd2 Nxh3+
16.Kh2 Nf4 17.Rad1 Nf8 18.Rd6 Be6 19.Qd2 h6 20.g3 Nh5 21.Nh4 Nh7 22.Be2 Nf4
23.Bxf4 exf4 24.Qxf4 Qxf4 25.gxf4 g5 26.Nf5 Bxf5  0-1

[Event "SLO-chT"]
[Site "Bled"]
[Date "1996.??.??"]
[Round "2"]
[White "Sitnik, Igor"]
[Black "Roskar, Robert"]
[Result "0-1"]
[WhiteElo "2225"]
[BlackElo "2200"]

1.d4 Nf6 2.c4 g6 3.Nc3 Bg7 4.e4 d6 5.Nf3 O-O 6.Be2 Nbd7 7.O-O e5 8.Be3 c6
9.d5 c5 10.Ne1 Ne8 11.Nd3 f5 12.f4 Qe7 13.exf5 gxf5 14.Qd2 e4 15.Nf2 Nef6
16.Kh1 Rf7 17.Rae1 Nf8 18.Rg1 Ng6 19.a3 Bd7 20.b4 b6 21.bxc5 bxc5 22.Rb1 Bc8
23.Rb3 Ba6 24.Rgb1 Rff8 25.Nb5 h5 26.Nh3 Bh6 27.Qa5 Bxb5 28.Rxb5 Rf7 29.Qa6 Rd8
30.Rb7 Rd7 31.Rxd7 Qxd7 32.Rb8+ Kh7 33.g3 Ng4 34.Bxg4 hxg4 35.Ng1 Bg7 36.Ne2 Nf8
37.Kg2 Qc7 38.Qb5 Qd7 39.a4 Kg6 40.a5 Bf6 41.a6 Qxb5 42.cxb5 Nd7 43.Rb7 Nb6
44.Bd2 Nc4 45.Kf2 Bd8 46.Be1 Rh7 47.Rxh7 Kxh7 48.Nc3 Nb6 49.Ke2 Kg6 50.Kf1 Bc7
51.Kg2 Bd8 52.h4 gxh3+ 53.Kxh3 Kh5 54.g4+ fxg4+ 55.Kg2 e3 56.Ne4 Nxd5 57.Nxd6 Nxf4+
58.Kh1 Nd5 59.Ne8 Bb6 60.Kg2 Kg5  0-1

[Event "SLO-chT"]
[Site "Bled"]
[Date "1996.??.??"]
[Round "2"]
[White "Dezelak, B."]
[Black "Bukic, Enver"]
[Result "1-0"]
[WhiteElo "2155"]
[BlackElo "2435"]

1.d4 Nf6 2.c4 g6 3.Nc3 Bg7 4.e4 d6 5.Nf3 O-O 6.Be2 Na6 7.O-O e5 8.d5 Nc5
9.Nd2 a5 10.Qc2 Ne8 11.Nb3 b6 12.Nxc5 bxc5 13.a4 f5 14.exf5 gxf5 15.f4 e4
16.Ra3 Bd4+ 17.Kh1 Rf6 18.Nb5 Rh6 19.Rg3+ Kf8 20.Bd2 Bd7 21.Bc3 Qf6 22.Qd2 Bxb5
23.axb5 a4 24.Rd1 Rh4 25.Bxd4 cxd4 26.Qxd4 Qh6 27.h3 Qxf4 28.Qh8+ Ke7 29.Qg8 Qe5
30.Rg5 Qf6 31.Bh5 Kd7 32.Rf1 f4 33.Qxh7+ Kc8 34.Bg4+ Rxg4 35.Rxg4  1-0

[Event "Bled op"]
[Site "Bled"]
[Date "1996.??.??"]
[Round "3"]
[White "Kragelj, Igor"]
[Black "Mazi, Leon"]
[Result "1/2-1/2"]
[WhiteElo "2195"]
[BlackElo "2330"]

1.d4 Nf6 2.c4 d6 3.Nc3 e5 4.Nf3 Nbd7 5.e4 g6 6.Be2 Bg7 7.O-O O-O 8.Re1 c6
9.Bf1 exd4 10.Nxd4 Re8 11.Bf4 Ne5 12.Qd2 Nh5 13.Bh6 Bh8 14.f3 a5 15.Be3 a4
16.b4 axb3 17.axb3 Rxa1 18.Rxa1 Nf6 19.Rd1 Bg7 20.Nde2 Bf8 21.h3 Qc7 22.Kh1 Nh5
23.f4 Nd7 24.g4 Ng7 25.Bg2 Nf6 26.Bd4 Qe7 27.f5 Nd7 28.Rf1 Qd8 29.Qf4 Ne5
30.Rd1 Qc7 31.Qf2 Qa5 32.Rb1 g5 33.Be3 f6 34.Bd2 h5 35.Qg3 hxg4 36.hxg4 Be7
37.Be1 Kf7 38.Kg1 Bd8 39.Na4 Qa6 40.Rc1 Rh8 41.Bf2 Ne8 42.Nd4 Ba5 43.Rc2 Bb4
44.Bf1 Rh4 45.Nf3 Rh8 46.Nxe5+ dxe5 47.c5 Rh1+ 48.Kxh1 Qxf1+ 49.Kh2 Qd1 50.Ra2 Bd2
51.Rxd2 Qxd2 52.Nb6  1/2-1/2

[Event "Bled op-B"]
[Site "Bled"]
[Date "1996.??.??"]
[Round "3"]
[White "Frangez, Simon"]
[Black "Sebenik, Matej"]
[Result "1-0"]
[WhiteElo "1935"]
[BlackElo "2130"]

1.d4 Nf6 2.c4 g6 3.Nc3 Bg7 4.e4 d6 5.Nf3 O-O 6.Be2 e5 7.d5 a5 8.Bg5 h6 9.Bh4 Qe8
10.Nd2 Na6 11.a3 Bd7 12.b3 Nh7 13.O-O h5 14.f3 Bh6 15.Rb1 f5 16.b4 Be3+ 17.Bf2 Bxf2+
18.Rxf2 axb4 19.axb4 f4 20.c5 dxc5 21.Bxa6 bxa6 22.bxc5 g5 23.Rb7 g4 24.Rxc7 g3
25.Re2 Qd8 26.d6 Qh4 27.Nf1 Bg4 28.Qd5+ Kh8 29.Qxe5+ Nf6 30.hxg3 fxg3 31.Qxg3 Qxg3
32.Nxg3 h4 33.fxg4 hxg3 34.Re3 Nxg4 35.Rxg3  1-0

[Event "SLO-chT"]
[Site "Bled"]
[Date "1996.??.??"]
[Round "3"]
[White "Tratar, Marko"]
[Black "Markun, Bostjan"]
[Result "1/2-1/2"]
[WhiteElo "2420"]
[BlackElo "2265"]

1.Nf3 Nf6 2.c4 g6 3.Nc3 Bg7 4.e4 d6 5.d4 O-O 6.Be2 e5 7.O-O Qe8 8.d5 Nh5
9.g3 f5 10.exf5 gxf5 11.Nh4 Nf6 12.f4 exf4 13.Bxf4 Na6 14.Qc2 Ne4 15.Rae1 Nxc3
16.bxc3 Nc5 17.Bd3 Qf7 18.Bd2 Nxd3 19.Qxd3 Qf6 20.Rf2 Bd7 21.Ref1 Rae8 22.Nxf5 Qg6
23.Rf3 Bxf5 24.Rxf5 Rf7 25.R5f3 Qxd3 26.Rxd3 Rxf1+ 27.Kxf1 Re4  1/2-1/2

[Event "SLO-chT"]
[Site "Bled"]
[Date "1996.??.??"]
[Round "5"]
[White "Bohak, Janko"]
[Black "Mazi, Leon"]
[Result "0-1"]
[WhiteElo "2235"]
[BlackElo "2325"]

1.d4 Nf6 2.c4 d6 3.Nf3 g6 4.Nc3 Bg7 5.e4 O-O 6.Be2 Nbd7 7.O-O e5 8.d5 Nc5
9.Qc2 a5 10.Nd2 Qe7 11.Nb3 Ne8 12.Nxc5 dxc5 13.Nb5 f5 14.f3 Ra6 15.Bd2 f4
16.a3 a4 17.b4 axb3 18.Qxb3 g5 19.Rfd1 h5 20.Be1 Rf7 21.Ra2 Bf8 22.Bf1 Rg7
23.Kf2 g4 24.Ke2 Qg5 25.Bf2 h4 26.Kd3 h3 27.gxh3 gxf3 28.Rad2 Nf6 29.Nc3 Qh5
30.Kc2 Bd6 31.Qb5 Rxa3 32.Bd3 Qe8 33.Bxc5 Rxc3+ 34.Kxc3 Qxb5 35.cxb5 Bxc5
36.Ra2 Bxh3 37.Kc4 Bb6  0-1

[Event "SLO-chT"]
[Site "Bled"]
[Date "1996.??.??"]
[Round "6"]
[White "Brglez, Rado"]
[Black "Tratar, Marko"]
[Result "1/2-1/2"]
[WhiteElo "2280"]
[BlackElo "2420"]

1.d4 Nf6 2.c4 g6 3.Nc3 Bg7 4.e4 d6 5.Nf3 O-O 6.Be2 e5 7.O-O Qe8 8.dxe5 dxe5
9.Be3 Na6 10.a3 Ng4 11.Bg5 f6 12.Bc1 Nc5 13.h3 Nh6 14.Re1 Nf7 15.b4 Ne6 16.Bb2 c6
17.Bf1 Qe7 18.Qc2 Bd7 19.Rad1 Kh8 20.Na4 Rad8 21.c5 Nc7 22.Nc3 Be6 23.Nb1 Rxd1
24.Rxd1 Rd8 25.Nbd2 Bf8 26.Nc4 Rxd1 27.Qxd1 Kg8 28.Na5 Nd8 29.Be2 Qd7 30.Qxd7 Bxd7
31.Bc4+ Be6 32.Kf1 b6 33.cxb6 axb6 34.Bxe6+ Ncxe6 35.Nb3 Kf7 36.g3 b5 37.Ke2 Nb7
38.Bxe5 fxe5 39.Nxe5+ Ke8 40.Nxc6 Nd6 41.Nbd4 Nc7 42.Na7 Bg7 43.Kd3 Kd7 44.f4 Bxd4
45.Kxd4 Ne6+ 46.Kd5 Nc7+ 47.Kd4 Ne6+  1/2-1/2

[Event "Bled op"]
[Site "Bled"]
[Date "1996.??.??"]
[Round "7"]
[White "Dizdar, Selim"]
[Black "Ankerst, Mihael"]
[Result "0-1"]
[WhiteElo "2400"]
[BlackElo "2295"]

1.c4 g6 2.Nc3 Bg7 3.Nf3 d6 4.d4 Nf6 5.e4 O-O 6.Be2 e5 7.O-O exd4 8.Nxd4 Re8
9.f3 Nc6 10.Nc2 Nh5 11.g4 Be5 12.f4 Bxc3 13.bxc3 Nf6 14.Bf3 Nxe4 15.Ne3 Nc5
16.Nd5 Nb8 17.g5 Nbd7 18.Rb1 f5 19.gxf6 Nxf6 20.f5 c6 21.Bg5 cxd5 22.Bxd5+ Kg7
23.fxg6 Ncd7 24.gxh7 Re5 25.h4 Kxh7 26.Qd3+ Kh8 27.Qg6 Rxg5+ 28.hxg5 Nh7
29.Rf5 Ne5 30.Qh6 Bxf5  0-1

[Event "Bled op"]
[Site "Bled"]
[Date "1996.??.??"]
[Round "8"]
[White "Beliavsky, Alexander G"]
[Black "Tratar, Marko"]
[Result "1-0"]
[WhiteElo "2615"]
[BlackElo "2405"]

1.d4 Nf6 2.c4 g6 3.Nc3 Bg7 4.e4 d6 5.Nf3 O-O 6.Be2 e5 7.d5 a5 8.Bg5 h6 9.Bh4 Na6
10.Nd2 Qe8 11.Bxf6 Bxf6 12.h4 h5 13.g4 hxg4 14.Bxg4 Kg7 15.Bxc8 Qxc8 16.Qf3 Rh8
17.h5 Bg5 18.O-O-O Qd8 19.Rdg1 Qf6 20.Qg4 Bh6 21.hxg6 fxg6 22.Kd1 Bxd2 23.Qd7+ Qf7
24.Qxf7+ Kxf7 25.Kxd2 Kg7 26.Ke3 Raf8 27.a3 Rxh1 28.Rxh1 Rh8 29.Rxh8 Kxh8
30.Kf3 Kg7 31.Nb5 a4 32.Kg4 Kf6 33.f3 Kf7 34.Kg5 Kg7 35.c5 Nxc5 36.Nxc7 Kf7
37.Nb5 Ke7 38.Nc3 Kf7 39.Kh4 Kf6 40.Kg4 Ke7 41.Kh3 Kd8 42.Kg3 Kd7 43.Kh4 Ke8
44.Kg5 Kf7 45.Nb5 Ke7 46.Kxg6 Nd3 47.Kg5 Nxb2 48.Kg4 Kd7 49.Kg3 Nd3 50.Kg2 Ke7
51.Kf1 Kd7 52.Ke2 Nc5 53.Kd2 Ke7 54.Kc3 Kd7 55.Kb4 Nd3+ 56.Ka5 Ne1 57.Kb6 Nxf3
58.Kxb7 Nd2 59.Nc3 Nb3 60.Ka6 Nc5+ 61.Kb6 Kd8 62.Kc6 Ke7 63.Kc7 Na6+ 64.Kb6 Nc5
65.Kc6 Nb3 66.Nxa4 Nd4+ 67.Kb7 Nb5 68.Nb6 Nc3 69.a4 Nxe4 70.a5 Nc5+ 71.Kc7 Na6+
72.Kc8 e4 73.Nc4 Nb4 74.Kb7 Nxd5 75.a6 Kd7  1-0

[Event "Bled op"]
[Site "Bled"]
[Date "1996.??.??"]
[Round "9"]
[White "Cebalo, Miso"]
[Black "Ankerst, Mihael"]
[Result "0-1"]
[WhiteElo "2495"]
[BlackElo "2295"]

1.d4 Nf6 2.Nf3 g6 3.c4 Bg7 4.Nc3 O-O 5.e4 d6 6.Be2 e5 7.O-O exd4 8.Nxd4 Re8
9.f3 Nc6 10.Be3 Nh5 11.Nd5 Nxd4 12.Bxd4 c6 13.Bxg7 Nxg7 14.Nc3 Qb6+ 15.Kh1 Qxb2
16.Rc1 Be6 17.Qxd6 Rad8 18.Qc5 Bc8 19.Qxa7 Rd2 20.Rfe1 Red8 21.Qe3 Rc2 22.Rxc2 Qxc2
23.Rd1 Rxd1+ 24.Bxd1 Qb2 25.Kg1 Ne6 26.Bb3 Nc5 27.Qxc5 Qxc3 28.h3 Be6 29.Kh2 b5
30.f4 bxc4 31.f5 gxf5 32.exf5 Bd5 33.Qd6 h6 34.Bd1 Qg7 35.Qb8+ Kh7 36.Qg3 Be4
37.Bg4 Qf6 38.Qf4 Bd5 39.a4 c3 40.Bd1 Qg7 41.g4 c2 42.Bxc2 Qb2 43.Kg3 Qxc2
44.a5 Qc3+ 45.Kh4 Bg2 46.Qh2 Bf1 47.Qh1 Qe1+ 48.Kh5 Qe3 49.h4 Qf4  0-1

[Event "Bahn-chV"]
[Site "Borkum"]
[Date "1996.??.??"]
[Round "1"]
[White "Draxler, Gottfried"]
[Black "Reichenbacher, Gerhard"]
[Result "1-0"]
[WhiteElo "1775"]
[BlackElo "1920"]

1.d4 Nf6 2.c4 g6 3.Nc3 Bg7 4.e4 d6 5.Nf3 O-O 6.Be2 e5 7.dxe5 dxe5 8.Bg5 Nbd7
9.Qc2 c6 10.O-O Qc7 11.h3 Nc5 12.Rfd1 a5 13.Rac1 Nfd7 14.Qd2 f6 15.Be3 f5
16.exf5 gxf5 17.Bg5 e4 18.Bf4 Ne5 19.Nxe5 Bxe5 20.Bxe5 Qxe5 21.Qd6 Re8 22.Qxe5 Rxe5
23.Rd8+ Kf7 24.Rcd1 f4 25.Rh8 Ne6 26.Rxh7+ Kg8 27.Rh4 Ng5 28.Rd8+ Kg7 29.Bg4 Bxg4
30.Rxa8 Be6 31.Rxf4 Bxh3 32.Kf1 Be6 33.b3 e3 34.f3 Bf5 35.Ke2 Ne6 36.Ne4 Nxf4+
37.Kxe3 Nxg2+ 38.Kd4 Re7 39.Rxa5 Bxe4 40.fxe4 Nf4 41.Rg5+ Kf8 42.Rf5+ Rf7
43.Ke5 Ng6+ 44.Ke6 Nf4+ 45.Kd6 Nd3 46.a3 c5 47.Rxf7+ Kxf7 48.Kc7 Ke7 49.Kxb7 Kd6
50.a4 Nc1 51.a5 Nxb3 52.a6 Na5+ 53.Kb6 Nc6 54.a7 Nxa7 55.Kxa7 Kc7 56.Ka6 Kc6
57.Ka5  1-0

[Event "EUCup Gr7"]
[Site "Bratislava"]
[Date "1996.??.??"]
[Round "2"]
[White "Komarov, Dimitri"]
[Black "Hebden, Mark"]
[Result "1/2-1/2"]
[WhiteElo "2595"]
[BlackElo "2530"]

1.d4 Nf6 2.Nf3 g6 3.c4 Bg7 4.Nc3 O-O 5.e4 d6 6.Be2 e5 7.Be3 Ng4 8.Bg5 f6
9.Bh4 Nc6 10.d5 Ne7 11.Nd2 Nh6 12.f3 c5 13.Rb1 g5 14.Bf2 f5 15.b4 b6 16.bxc5 bxc5
17.O-O f4 18.Nb3 Ng6 19.Nb5 Rf7 20.Be1 Bf8 21.Ba5 Qf6 22.Nc7 Rb8 23.Ne6 Rfb7
24.Bc7 Ra8 25.Nd2 Rxb1 26.Nxb1 Bxe6 27.dxe6 Qxe6 28.Qd5 Qxd5 29.cxd5 Rc8
30.Ba5 Be7 31.Na3 Bd8 32.Ba6 Rb8 33.Bxd8 Rxd8 34.Rb1 g4 35.Rb7 gxf3 36.gxf3 Nf7
37.Nc4 Ng5 38.Kf2 Nh4 39.Nd2 Nh3+ 40.Ke2 Ng1+ 41.Kf2 Nh3+ 42.Ke2 Ng1+ 43.Kf2  1/2-1/2

[Event "EUCup Gr7"]
[Site "Bratislava"]
[Date "1996.??.??"]
[Round "3"]
[White "Stojanovic, Mihajlo"]
[Black "Heinatz, Thomas"]
[Result "1-0"]
[WhiteElo "2465"]
[BlackElo "2380"]

1.d4 g6 2.e4 Bg7 3.c4 d6 4.Nc3 Nf6 5.Nf3 O-O 6.Be2 e5 7.Be3 Ng4 8.Bg5 f6
9.Bh4 Nc6 10.d5 Ne7 11.Nd2 Nh6 12.f3 g5 13.Bf2 f5 14.h3 g4 15.hxg4 fxg4 16.fxg4 Ng6
17.g3 Qd7 18.g5 Nf7 19.Be3 a6 20.Bh5 Qe7 21.Nf3 b5 22.Qe2 Bd7 23.O-O-O Nfh8
24.Qh2 Rf7 25.Nh4 Kf8 26.Rdf1 Ke8 27.Nf5 Qf8 28.Bxg6 Nxg6 29.Qxh7  1-0

[Event "Slovan op"]
[Site "Bratislava"]
[Date "1996.??.??"]
[Round "9"]
[White "Harasta, Vladimir"]
[Black "Fraas, Martin"]
[Result "1-0"]
[WhiteElo "2170"]
[BlackElo "2170"]

1.c4 Nf6 2.Nc3 g6 3.e4 d6 4.d4 Bg7 5.Nf3 O-O 6.Be2 Nbd7 7.O-O e5 8.Re1 a6
9.Bf1 h6 10.Rb1 Ng4 11.h3 Ngf6 12.Be3 Nh5 13.Qd2 g5 14.Qd1 Nf4 15.g3 Ng6
16.d5 Nf6 17.Nh2 Bd7 18.c5 Qc8 19.cxd6 Bxh3 20.Bxh3 Qxh3 21.dxc7 b5 22.Qf3 g4
23.Qg2 Qh5 24.d6 Nd7 25.Nd5 f5 26.exf5 Qxf5 27.Rbd1 e4 28.Bd4 Bxd4 29.Rxd4 Rae8
30.Ne3 Qf6 31.Rxe4 Rxe4 32.c8=Q Rxe3 33.Qd5+ Kh8 34.Qxf8+  1-0

[Event "Bratto op"]
[Site "Bratto"]
[Date "1996.??.??"]
[Round "3"]
[White "Pantaleoni, Claudio"]
[Black "Badea, Bela"]
[Result "0-1"]
[WhiteElo "2235"]
[BlackElo "2520"]

1.d4 Nf6 2.Nf3 g6 3.c4 Bg7 4.Nc3 O-O 5.e4 d6 6.Be2 e5 7.Be3 Ng4 8.Bg5 f6
9.Bh4 Nc6 10.d5 Ne7 11.Nd2 Nh6 12.f3 g5 13.Bf2 f5 14.exf5 Nhxf5 15.Nde4 Ng6
16.g3 c5 17.O-O Rf7 18.Rb1 Nd4 19.Be3 h6 20.b4 b6 21.bxc5 bxc5 22.Rf2 Nxe2+
23.Qxe2 Ne7 24.Nb5 Nf5 25.g4 a6 26.gxf5 axb5 27.cxb5 Bxf5 28.Qc4 Rfa7 29.b6 Rb7
30.Rfb2 Rab8 31.a4 Rxb6 32.Rxb6 Rxb6 33.Rxb6 Qxb6 34.Qb5 Qxb5 35.axb5 Bf8
36.Nd2 Bc8 37.Nc4 Bb7 38.b6 Bxd5 39.Kf2 Be7 40.Na5 Bd8  0-1

[Event "GER-chT Federal Cup (Women)"]
[Site "Braunfels"]
[Date "1996.??.??"]
[Round "?"]
[White "Gruenenwald, Evi"]
[Black "Guenther, Anetta"]
[Result "0-1"]
[WhiteElo "2055"]
[BlackElo "2045"]

1.d4 Nf6 2.c4 g6 3.Nc3 Bg7 4.e4 d6 5.Be2 O-O 6.Nf3 e5 7.d5 a5 8.O-O Na6 9.Bg5 Qe8
10.Nd2 Nd7 11.f3 f5 12.a3 Nf6 13.Rb1 f4 14.Bh4 h6 15.Bf2 g5 16.g4 fxg3 17.hxg3 h5
18.Be3 Qg6 19.Kg2 g4 20.f4 exf4 21.gxf4 h4 22.f5 Qh5 23.Rf4 h3+ 24.Kh1 Bh6
25.Bxg4 Qh4 26.Bf2 Qg5 27.Be3 Qg7 28.Bxh3 Bxf4 29.Bxf4 Qh7 30.Qf3 Kf7 31.Bg5 Rh8
32.Bxf6 Kxf6 33.Kg2 Rg8+ 34.Kf1 Bd7 35.e5+ dxe5 36.Nde4+ Kf7 37.Ke2 Raf8
38.Rh1 Qg7 39.f6 Bg4 40.Bxg4 Qxg4 41.Rh7+ Ke8 42.Qxg4 Rxg4 43.Rg7 Rh4 44.d6 Kd8
45.dxc7+ Nxc7 46.Nc5 Rxf6 47.Nxb7+ Kc8 48.Nxa5 Ne6 49.Rg8+ Kd7 50.Nd1 Nd4+
51.Kd2 Rf3 52.Rg2 e4 53.Ne3 Rhh3 54.Nd5 Rd3+ 55.Ke1 Rh1+ 56.Kf2 Rf3+  0-1

[Event "GER-chT Federal Cup (Women)"]
[Site "Braunfels"]
[Date "1996.??.??"]
[Round "?"]
[White "Gruenenwald, Evi"]
[Black "Fuchs, Antje"]
[Result "1/2-1/2"]
[WhiteElo "2055"]
[BlackElo "2140"]

1.d4 Nf6 2.c4 g6 3.Nc3 Bg7 4.e4 d6 5.Be2 O-O 6.Nf3 e5 7.d5 Nbd7 8.O-O a5
9.Ne1 Ne8 10.Be3 f5 11.f3 Kh8 12.Nd3 Ndf6 13.c5 Rg8 14.Rc1 Bf8 15.a3 f4 16.Bf2 g5
17.g4 fxg3 18.hxg3 g4 19.f4 exf4 20.Nxf4 Bg7 21.Kg2 Rf8 22.Rh1 Kg8 23.Bc4 Qe7
24.Qd3 Nd7 25.e5 Bxe5 26.Rce1 Nef6 27.Nb5 Qf7 28.Nxc7 Bxf4 29.Nxa8 Ne5 30.Qc2 Nxc4
31.Qxc4 Nxd5 32.Kg1 Be5 33.Rh2 Be6 34.cxd6 Bxd6 35.Qe4 Bf5 36.Qd4 Rxa8 37.Rd1 Be6
38.Rh6 Rc8 39.Re1 Bc5 40.Qd2 Bxf2+ 41.Qxf2 Qxf2+ 42.Kxf2 Rc2+ 43.Re2 Rxe2+
44.Kxe2 Bf5 45.Rh5 Ne7 46.Ke3 Kf7 47.Rh6 Bg6 48.Kf4 Ng8 49.Rh1 Nf6 50.Rc1 Be4
51.Rc5 a4 52.Rc4 Bc6 53.Kg5 Kg7 54.Rf4 h6+ 55.Kf5 Bd7+ 56.Ke5 Ne8 57.Rd4  1/2-1/2

[Event "NLD-chT playoff"]
[Site "Breda"]
[Date "1996.??.??"]
[Round "?"]
[White "Peek, Marcel"]
[Black "Bosman, Michiel"]
[Result "1-0"]
[WhiteElo "2335"]
[BlackElo "2285"]

1.d4 Nf6 2.c4 g6 3.Nc3 Bg7 4.e4 d6 5.Nf3 O-O 6.Be2 e5 7.d5 Na6 8.h4 c6 9.Nd2 h5
10.Nf3 cxd5 11.cxd5 b5 12.a3 b4 13.axb4 Nxb4 14.Ng5 a5 15.O-O Ng4 16.Bd2 Bd7
17.Ra3 Qb6 18.Na2 Nxa2 19.Rxa2 a4 20.Bd3 Rfc8 21.Qe2 Rc7 22.Rfa1 Rb8 23.Bc3 Ra8
24.Ra3 Rca7 25.Qe1 Be8 26.Be2 Bd7 27.Bd1 Bf8 28.g3 Bh6 29.Bxg4 hxg4 30.Qe2 Qb5
31.Qe1 Ra6 32.Qd1 Qc4 33.Qe1 Bb5 34.Bb4 Rc8 35.Rc3  1-0